|
|
|
|
| LEADER |
00000nab a2200000uu 4500 |
| 001 |
vtls011431996 |
| 003 |
SK-MaSNL |
| 005 |
20260303130136.0 |
| 008 |
230218|1980 xo |||||||||||||||||slo| |
| 015 |
|
|
|a SNBRB
|
| 035 |
|
|
|a (urnnbn)urn:nbn:sk:snk:ar-000na9
|
| 035 |
|
|
|a (uuid)535a404f-b0d5-44bf-9274-d13879e79ae3
|
| 035 |
|
|
|a urn:nbn:sk:snk-abc8eb
|
| 040 |
|
|
|a SNKBUCL
|b slo
|c SNKBUCL
|e AACR2
|
| 041 |
0 |
|
|a slo
|
| 044 |
|
|
|a xo
|c SK
|
| 100 |
1 |
|
|a Papiežová, Anna
|4 aut
|9 1144677
|
| 245 |
1 |
0 |
|a Plnenie päťročného plánu
|c Anna Papiežová
|
| 773 |
0 |
|
|t Čitateľ : mesačník pre prácu s čitateľmi
|g Roč. 29, č. 6 (1980), s. 235-236
|
| 954 |
|
|
|a odborná, vedecká literatúra pôvodná (slovenská)
|2 lita
|
| 958 |
|
|
|a OND
|
| 958 |
|
|
|a EUIPO
|
| 958 |
|
|
|a article16
|
| 999 |
|
|
|c 1938621
|d 1940551
|